000 01356nam a2200289 i 4500
001 bg
946 _c15,00
245 0 0 _aTynkowanie - kod CPV 45410000-4 :
_bokładziny z płyt gipsowo-kartonowych (suche tynki gipsowe) /
_cOśrodek Wdrożeń Ekonomiczno-Organizacyjnych Budownictwa "Promocja".
250 _aWyd. 2.
260 _aWarszawa :
_bOśrodek Wdrożeń Ekonomiczno-Organizacyjnych Budownictwa "Promocja",
_c2005.
300 _a18 s. ;
_c24 cm.
490 1 _aSpecyfikacje techniczne Wykonywania i Odbioru Robót Budowlanych (Standardowe)
650 9 _aBudownictwo
_xtechnika
_xnormalizacja
_zPolska
650 9 _aTynkarstwo
_xnormalizacja
_zPolska
650 9 _aTynki
_xnormalizacja
_zPolska
655 _aInformatory
710 2 _aOśrodek Wdrożeń Ekonomiczno-Organizacyjnych Budownictwa "|PROMOCJA".
740 0 _aOkładziny z płyt gipsowo-kartonowych (suche tynki gipsowe)
830 _aSpecyfikacje techniczne Wykonywania i Odbioru Robót Budowlanych (Standardowe)
020 _a8389756080
040 _cBPK
041 0 _apol
044 _aPOL
080 _a693.6:006.3/.8(438)(058)
942 _cKS
008 s pl f |000 0 pol
999 _c49783
_d49783
856 _uhttp://koha.tu.koszalin.pl/cgi-bin/koha/opac-detail.pl?biblionumber=49783
_yKatalog online BPK